[Event "Seville op 37th"]
[Site "Seville"]
[Date "2012.01.12"]
[Round "6"]
[White "Estremera Panos, Sergio"]
[Black "Blanco Perez, David"]
[Result "1-0"]
[WhiteElo "2379"]
[BlackElo "2126"]
[PlyCount "49"]
[EventDate "2012.01.07"]
[EventType "swiss"]
[EventRounds "9"]
[EventCountry "ESP"]
[SourceTitle "CBM 146 Extra"]
[Source "ChessBase"]
[SourceDate "2012.02.29"]
[SourceVersion "1"]
[SourceVersionDate "2012.02.29"]
[SourceQuality "1"]

1. d4 Nc6 2. d5 Ne5 3. e4 e6 4. dxe6 fxe6 5. Nc3 Nf6 6. f4 Nf7 7. e5 Ng8 8. Nf3 Bc5 9. Bd3 Ngh6 10. Qe2 Qe7 11. Bd2 d5 12. exd6 cxd6 13. 0-0-0 Bd7 14. Rhe1 0-0 15. Ne4 Nd8 16. Nxc5 dxc5 17. Ng5 Nf5 18. Nxh7 Rf7 19. Ng5 c4 20. Bxf5 Rxf5 21. Qh5 Nf7 22. Qh7+ Kf8 23. Qxf5 exf5 24. Rxe7 Kxe7 25. Bb4+ 1-0

[Event "Seville op 36th"]
[Site "Seville"]
[Date "2011.01.08"]
[Round "2"]
[White "Blanco Perez, David"]
[Black "Spraggett, Kevin"]
[Result "0-1"]
[WhiteElo "2119"]
[BlackElo "2575"]
[PlyCount "72"]
[EventDate "2011.01.07"]
[EventType "swiss"]
[EventRounds "9"]
[EventCountry "ESP"]
[SourceTitle "CBM 140 Extra"]
[Source "ChessBase"]
[SourceDate "2011.03.01"]
[SourceVersion "1"]
[SourceVersionDate "2011.03.01"]
[SourceQuality "1"]

1. Nf3 Nf6 2. d4 g6 3. Bg5 Bg7 4. c4 d6 5. Nc3 c6 6. h3 0-0 7. e4 a6 8. a4 a5 9. Bd3 Na6 10. e5 dxe5 11. dxe5 Nc5 12. Bc2 Nfd7 13. 0-0 Ne6 14. Bh4 Nxe5 15. Nxe5 Bxe5 16. Qe2 f6 17. Rfd1 Qb6 18. Ne4 c5 19. Nc3 Nd4 20. Rxd4 cxd4 21. Nd5 Qc5 22. Kh1 e6 23. f4 exd5 24. fxe5 dxc4 25. exf6 Bd7 26. Qf2 Bc6 27. Rf1 Rf7 28. Qg3 d3 29. Bd1 Re8 30. Bg4 Qd5 31. Bf3 Qd4 32. Bh5 Be4 33. Rf4 d2 34. Kh2 Qd3 35. Qg4 Kh8 36. Qg5 gxh5 0-1